Estimating tha distribution of tax burdens A comparision of different approaches (Registro nro. 25650)
[ vista simple ]
| 000 -LEADER | |
|---|---|
| fixed length control field | 00448 a2200133 4500 |
| 001 - CONTROL NUMBER | |
| control field | ART_11578 |
| 005 - DATE AND TIME OF LATEST TRANSACTION | |
| control field | 20260410161858.0 |
| 008 - FIXED-LENGTH DATA ELEMENTS--GENERAL INFORMATION | |
| fixed length control field | 260409a |
| 100 1# - MAIN ENTRY--PERSONAL NAME | |
| Personal name | Devarajan, Shantayanan |
| 245 10 - TITLE STATEMENT | |
| Title | Estimating tha distribution of tax burdens A comparision of different approaches |
| 700 1# - ADDED ENTRY--PERSONAL NAME | |
| Personal name | Fullerton, Don |
| 700 1# - ADDED ENTRY--PERSONAL NAME | |
| Personal name | Musgrave, Richard A. |
| 773 0# - HOST ITEM ENTRY | |
| Title | Journal of public economics |
| Related parts | - Vol. 13, Nº 2 (abr. 1980) |
| Record control number | REV11485 |
No hay ítems disponibles.